• 首页
  • 本馆介绍
  • 公告通知
  • 最新文献
  • 馆藏检索
  • 电子资源
  • 读者导购
  • 参考咨询
  • 我的图书馆
  • 登录
  • 详细信息显示
  • 放入我的书架
  • 预约/预借图书
  • 作者相关作品
  • 分类相关作品
  • 丛书相关作品
  • 出版社相关作品

书目信息

  • 表格格式
  • 工作单格式
  • 卡片格式
题名:
小学生阅读发展的眼动研究
    
 
作者: 张巧明 著
分册:  
出版信息: 济南   山东人民出版社  2017.8
页数: 214页
开本: 24cm
丛书名:
单 册:
中图分类: G623.232
科图分类:
主题词: 阅读课--教学研究--小学
电子资源:
ISBN: 978-7-209-10920-8
000 01058nam0 2200265 45
001 012001002614
005 20140823141932.0
010    @a978-7-209-10920-8@dCNY29.00
099    @aCAL 012017143635
100    @a20170907d2017 em y0chiy0110 ea
101 0  @achi
102    @aCN@b370000
105    @aak a 000yy
106    @ar
200 1  @a小学生阅读发展的眼动研究@Axiao xue sheng yue du fa zhan de yan dong yan jiu@f张巧明著
210    @a济南@c山东人民出版社@d2017.8
215    @a214页@c图@d24cm
300    @a全国教育科学规划教育部重点课题 小学生阅读广度与速度的发展及促进: 来自眼动的证据 (DHA 130266)
320    @a有书目 (第174-214页)
330    @a阅读是一项重要的社会认知活动, 在阅读的研究中, 眼动技术由于其实时性和干扰性较小等优势, 成为研究的主要手段, 但以儿童为对象的眼动研究却为数不多。本书旨在揭示眼动指标与儿童语言文字能力的关系, 为阅读的眼动模型的完善提供依据。
606 0  @a阅读课@x教学研究@x小学
690    @aG623.232@v5
701  0 @a张巧明@Azhang qiao ming@4著
801    @aCN@bAHXH@c20210922
905    @b1254893-7@dG623.232@e1797@f5
    
    小学生阅读发展的眼动研究/张巧明著.-济南:山东人民出版社,2017.8
    214页:图;24cm
    全国教育科学规划教育部重点课题 小学生阅读广度与速度的发展及促进: 来自眼动的证据 (DHA 130266)
    
    ISBN 978-7-209-10920-8:CNY29.00
    阅读是一项重要的社会认知活动, 在阅读的研究中, 眼动技术由于其实时性和干扰性较小等优势, 成为研究的主要手段, 但以儿童为对象的眼动研究却为数不多。本书旨在揭示眼动指标与儿童语言文字能力的关系, 为阅读的眼动模型的完善提供依据。
●
相关链接 在E读中查询图书 在五车中查询图书 在当当中查询图书 在豆瓣中查询图书


正题名:小学生阅读发展的眼动研究     索取号:G623.232/1797         预约/预借

序号 登录号 条形码 馆藏地/架位号 状态 备注
1 1254893   212548938   第一样本阅览室/ [索取号:G623.232/1797] 在馆    
2 1254894   212548947   教育系资料室/ [索取号:G623.232/1797] 在馆    
3 1254895   212548956   教育系资料室/ [索取号:G623.232/1797] 在馆    
4 1254896   212548965   第四借阅区/ [索取号:G623.232/1797] 在馆    
5 1254897   212548974   第四借阅区/ [索取号:G623.232/1797] 在馆    
唐山师范学院图书馆 欢迎您!
大连网信软件有限公司© 版权所有